Movie Series - Statistics

General Stats
  • This quiz has been taken 14,951 times
  • The average score is 15 of 20
Answer Stats
Hint # Answer % Correct
Boy wizard tries to grow up in spite of You Know Who's best efforts 8 Harry Potter
98%
Suave super spy enjoys a good martini 25 James Bond
96%
Three of these films are utter classics; but perhaps the prequels should be exiled to a galaxy far, far away (and, some may say, the sequel trilogy, too) 11 Star Wars
95%
Why so serious about these dark superhero movies? 9+ Batman
88%
Vampires, romance, and shirtless werewolves 5 Twilight
88%
Take a ride in Doc Brown's DeLorean; that is, unless you're...chicken! 3 Back to the Future
87%
One trilogy to rule them all 3 The Lord of the Rings
87%
Hero from a distant planet returns to provide viewers with truth, justice, and the American way 8 Superman
80%
These horror movies may present a Jigsaw puzzle for some viewers 9 Saw
77%
Don't just take the cannoli - how can you refuse these excellent films? 3 The Godfather
75%
These Marvel Mutants will be moving to the MCU soon. 13 X-Men
72%
It's not easy to kill John McClane, but that doesn't stop criminals from trying 5 Die Hard
70%
Stay upright in the ring for this entire series and you may wind up punch drunk by the time you get to the end 6 Rocky
70%
There's nothing itsy bitsy about this superhero series 8 Spider-Man
70%
Hockey-mask wearing killer will reach a special milestone should he return for another film 12 Friday the 13th
69%
Mess with Ellen Ripley and your screams will be heard even from space 4 Alien
67%
This frightening Mike Myers has NOTHING to do with Shrek! 12 Halloween
66%
Three of these four movies belong in a museum, but you don't have to be smart as a whip to realize which one does not 4 Indiana Jones
65%
Stay awake when watching these scary movies because, once you fall asleep, all bets are off! 9 A Nightmare on Elm Street
62%
Many red shirts were lost in these films from the Final Frontier 13 Star Trek
61%
No matching quizzes found
Score Distribution
Percent of People with Each Score
Percentile by Number Answered
Your Score History
You have not taken this quiz